Conducción del niño / (Registro nro. 59929)

Detalles MARC
000 -LEADER
campo de control de longitud fija 05094cam a22007694i 4500
003 - IDENTIFICADOR DE NÚMERO DE CONTROL
campo de control PE-LiUPU
005 - FECHA Y HORA DE LA ÚLTIMA TRANSACCIÓN
campo de control 20250731173526.0
008 - DATOS DE LONGITUD FIJA--INFORMACIÓN GENERAL
campo de control de longitud fija 150616s1964 ag r 000 0 spa d
035 ## - NÚMERO DE CONTROL DEL SISTEMA
Número de control de sistema (Sirsi) a8564
040 ## - FUENTE DE CATALOGACIÓN
Centro catalogador/agencia de origen PE-LiUPU
Lengua de catalogación spa
Centro/agencia transcriptor PE-LiUPU
Normas de descripción rda
041 1# - CÓDIGO DE IDIOMA
Código de lengua del texto/banda sonora o título independiente spa
Código de lengua original eng
049 ## - FONDOS LOCALES (OCLC)
Biblioteca depositaria PRUA
050 ## - SIGNATURA TOPOGRÁFICA DE LA BIBLIOTECA DEL CONGRESO
Número de clasificación BX61590
Número de ítem .C663
082 04 - NÚMERO DE LA CLASIFICACIÓN DECIMAL DEWEY
Número de clasificación 286.7325
Cutter CN
Número de edición 21
100 1# - ENTRADA PRINCIPAL--NOMBRE DE PERSONA
Nombre de persona White, Elena G. de,
Término indicativo de función/relación autor.
245 10 - MENCIÓN DEL TÍTULO
Título Conducción del niño /
Mención de responsabilidad, etc. Elena G. de White.
264 #1 - PRODUCCIÓN, PUBLICACIÓN, DISTRIBUCIÓN, FABRICACIÓN Y COPYRIGHT
Producción, publicación, distribución, fabricación y copyright Buenos Aires :
Nombre del de productor, editor, distribuidor, fabricante Asociación Casa Editora Sudamericana,
Fecha de producción, publicación, distribución, fabricación o copyright 1964.
300 ## - DESCRIPCIÓN FÍSICA
Extensión 566 páginas ;
Dimensiones 12 centímetros
336 ## - TIPO DE CONTENIDO
Término de tipo de contenido text
Fuente rdacontent
337 ## - TIPO DE MEDIO
Nombre/término del tipo de medio unmediated
Fuente rdamedia
338 ## - TIPO DE SOPORTE
Nombre/término del tipo de soporte volume
Fuente rdacarrier
500 ## - NOTA GENERAL
Nota general Los ejemplares 6 al 8 son edición 2000
505 0# - NOTA DE CONTENIDO CON FORMATO
Nota de contenido con formato El hogar, la primera escuela -- Los métodos y los textos -- Maestros debidamente preparados -- La obediencia es la lección más importante -- Desarrollo de las cualidades cristianas -- La tarea suprema: el desarrollo del carácter -- Desarrollo de las facultades mentales -- Importancia fundamental del desarrollo físico -- Preservación de la integridad moral -- El mantenimiento de la experiencia religiosa.
526 ## - NOTA DE INFORMACIÓN SOBRE EL PROGRAMA DE ESTUDIO
Nombre del programa Segunda Especialidad En Profecías Bíblicas
526 ## - NOTA DE INFORMACIÓN SOBRE EL PROGRAMA DE ESTUDIO
Nombre del programa Segunda Especialidad En Nuevo Testamento
526 ## - NOTA DE INFORMACIÓN SOBRE EL PROGRAMA DE ESTUDIO
Nombre del programa Segunda Especialidad En Antiguo Testamento
526 ## - NOTA DE INFORMACIÓN SOBRE EL PROGRAMA DE ESTUDIO
Nombre del programa Segunda Especialidad En Estudios Adventistas
526 ## - NOTA DE INFORMACIÓN SOBRE EL PROGRAMA DE ESTUDIO
Nombre del programa Doctorado en teología
526 ## - NOTA DE INFORMACIÓN SOBRE EL PROGRAMA DE ESTUDIO
Nombre del programa Maestría en teología histórica
526 ## - NOTA DE INFORMACIÓN SOBRE EL PROGRAMA DE ESTUDIO
Nombre del programa Maestría en teología bíblica
526 ## - NOTA DE INFORMACIÓN SOBRE EL PROGRAMA DE ESTUDIO
Nombre del programa Maestría en teología
526 ## - NOTA DE INFORMACIÓN SOBRE EL PROGRAMA DE ESTUDIO
Nombre del programa Maestría en misionología
526 ## - NOTA DE INFORMACIÓN SOBRE EL PROGRAMA DE ESTUDIO
Nombre del programa Maestría en liderazgo eclesiástico
526 ## - NOTA DE INFORMACIÓN SOBRE EL PROGRAMA DE ESTUDIO
Nombre del programa Teología
534 ## - NOTA SOBRE LA VERSIÓN ORIGINAL
Frase introductoria Título original :
Mención de título del original Child Guidance.
596 ## -
-- 1 2 4
650 04 - PUNTO DE ACCESO ADICIONAL DE MATERIA--TÉRMINO DE MATERIA
Término de materia o nombre geográfico como elemento de entrada Educación cristiana de niños.
856 42 - LOCALIZACIÓN Y ACCESO ELECTRÓNICOS
Identificador Uniforme de Recursos <a href="https://media2.egwwritings.org/swf/es_CN(CG)/index.html">https://media2.egwwritings.org/swf/es_CN(CG)/index.html</a>
910 ## - DATOS DE OPCIÓN DEL USUARIO (OCLC)
Datos de opción del usuario jck
-- jvq
-- jck
942 ## - ELEMENTOS DE ENTRADA SECUNDARIOS (KOHA)
Fuente del sistema de clasificación o colocación Clasificación Decimal Dewey
Tipo de ítem Koha
949 ## - PROCESAMIENTO DE INFORMACIÓN LOCAL (OCLC)
a 286.7325 CN
w DEWEY
c 1
i 20369
l CCODEBUL1
m BUL
p dollar8.70
r 0
s Y
t BOOK
u 19840506
x BIBLIOTECA
z UNKNOWN
0 COMPRA
o .STAFF. Colección Teología
949 ## - PROCESAMIENTO DE INFORMACIÓN LOCAL (OCLC)
a 286.7325 CN
w DEWEY
c 2
i 22372
l CCODEBUL1
m BUL
p dollar8.70
r 0
s Y
t BOOK
u 19840506
x BIBLIOTECA
z UNKNOWN
0 COMPRA
o .STAFF. Colección Teología
949 ## - PROCESAMIENTO DE INFORMACIÓN LOCAL (OCLC)
a 286.7325 CN
w DEWEY
c 3
i 54245
l CCODEBUL1
m BUL
p dollar8.70
r 0
s Y
t BOOK
u 19840506
x BIBLIOTECA
z UNKNOWN
0 COMPRA
o .STAFF. Colección Teología
949 ## - PROCESAMIENTO DE INFORMACIÓN LOCAL (OCLC)
a 286.7325 CN
w DEWEY
c 4
i 54246
l CCODEBUL1
m BUL
p dollar8.70
r 0
s Y
t BOOK
u 19840506
x BIBLIOTECA
z UNKNOWN
0 COMPRA
o .STAFF. Colección Teología
949 ## - PROCESAMIENTO DE INFORMACIÓN LOCAL (OCLC)
a 286.7325 CN
w DEWEY
c 5
i 05894
l CCODEBUL1
m BUL
p dollar8.70
r 0
s Y
t BOOK
u 19840506
x BIBLIOTECA
z UNKNOWN
0 COMPRA
o .STAFF. Colección Teología
949 ## - PROCESAMIENTO DE INFORMACIÓN LOCAL (OCLC)
a 286.7325 CN
w DEWEY
c 6
i 14590
l CCODEBUL1
m BUL
p dollar8.70
r 0
s Y
t BOOK
u 19840506
x BIBLIOTECA
z UNKNOWN
0 COMPRA
o .STAFF. Colección Teología
949 ## - PROCESAMIENTO DE INFORMACIÓN LOCAL (OCLC)
a 286.7325 CN
w DEWEY
c 1
i 74406
l CATALOGING
m BUL
p 19.00
r 0
s Y
t BOOK
u 12016-08-11
x tEOLOGIA
0 COMPRA
o .CIRCNOTE. El documento es de alto precio.
-- .STAFF. Colección Teología
994 ## -
-- C0
-- PEPRU
999 ## - NÚMEROS DE CONTROL DE SISTEMA (KOHA)
-- DEWEY
-- 20369
-- 2019-6-10
-- 2019-12-11
-- 5
-- DISCARD
-- BUL
-- 14
-- 8.70
-- 2
-- 0
-- Y
-- BOOK
-- 2015-6-16
-- TEOLOGIA
-- P35
-- COMPRA
-- .STAFF. Colección Teología
999 ## - NÚMEROS DE CONTROL DE SISTEMA (KOHA)
-- DEWEY
-- 54245
-- 2017-10-27
-- 2019-12-11
-- 5
-- DISCARD
-- BUL
-- 5
-- 8.70
-- 1
-- 0
-- Y
-- BOOK
-- 2015-6-16
-- TEOLOGIA
-- P35
-- COMPRA
-- .STAFF. Colección Teología
999 ## - NÚMEROS DE CONTROL DE SISTEMA (KOHA)
-- DEWEY
-- 05894
-- 2015-9-1
-- 2019-12-11
-- 5
-- DISCARD
-- BUL
-- 1
-- 8.70
-- 0
-- Y
-- BOOK
-- 2015-6-16
-- TEOLOGIA
-- UNKNOWN
-- COMPRA
-- .CIRCNOTE. IMPORTANTE!!!!!!! ESTE DOCUMENTO NO SE PRESTA. PRESTAR LOS OTROS 5 EJEMPLARES.
-- .STAFF. Colección General
999 ## - NÚMEROS DE CONTROL DE SISTEMA (KOHA)
-- DEWEY
-- 14590
-- 2017-11-16
-- 2019-12-11
-- 5
-- DISCARD
-- BUL
-- 32
-- 8.70
-- 0
-- Y
-- BOOK
-- 2015-6-16
-- TEOLOGIA
-- P35
-- COMPRA
-- .STAFF. Colección Teología
999 ## - NÚMEROS DE CONTROL DE SISTEMA (KOHA)
-- DEWEY
-- 74406
-- 2019-8-24
-- 2021-11-11
-- 6
-- CCODEBUL1
-- BUL
-- 28
-- 19.00
-- 6
-- 0
-- Y
-- BOOK
-- 2016-8-11
-- TEOLOGIA
-- P35
-- COMPRA
-- .STAFF. Colección Teología
999 ## - NÚMEROS DE CONTROL DE SISTEMA (KOHA)
-- DEWEY
-- FT02245
-- 2018-10-15
-- 2019-2-20
-- 3
-- CATALOGING
-- BUT
-- 8
-- 2.00
-- 0
-- Y
-- BOOK
-- 2016-10-26
-- BIBLIOTECA
-- UNKNOWN
-- DONACION
-- .STAFF. Colección General
999 ## - NÚMEROS DE CONTROL DE SISTEMA (KOHA)
-- DEWEY
-- CW54246
-- 2021-12-21
-- 2
-- CCODECWL1
-- BWL
-- 8.70
-- 1
-- Y
-- BOOK
-- 2015-6-16
-- WHITE
-- UNKNOWN
-- COMPRA
-- .STAFF. Centro White
999 ## - NÚMEROS DE CONTROL DE SISTEMA (KOHA)
-- DEWEY
-- CW22372
-- 2021-12-21
-- 2
-- CCODECWL1
-- BWL
-- 8.70
-- 1
-- Y
-- BOOK
-- 2015-6-16
-- WHITE
-- UNKNOWN
-- COMPRA
-- .STAFF. Centro White
999 ## - NÚMEROS DE CONTROL DE SISTEMA (KOHA)
-- DEWEY
-- CW00112
-- 2021-12-21
-- 2
-- CCODECWL1
-- BWL
-- 1
-- Y
-- BOOK
-- 2017-9-28
-- WHITE
-- UNKNOWN
-- COMPRA
-- .STAFF. Centro White
999 ## - NÚMEROS DE CONTROL DE SISTEMA (KOHA)
-- DEWEY
-- CW00113
-- 2021-12-21
-- 2
-- CCODECWL1
-- BWL
-- 1
-- Y
-- BOOK
-- 2017-9-28
-- WHITE
-- UNKNOWN
-- COMPRA
-- .STAFF. Centro White
980 ## - EQUIVALENCIA O REFERENCIA-CRUZADA-MENCIÓN DE SERIE--NOMBRE DE PERSONA/TÍTULO [LOCAL, CANADÁ]
ID del último usuario que modificó el registro 1
Nombre del último usuario que modificó el registro ALBERTO SANCHEZ Responsable de Automatización
Existencias
Visto por última vez Número de inventario Total de préstamos Signatura topográfica completa Código de barras Fecha del último préstamo Copia número Coste, precio de reemplazo Fecha de reemplazo Facultad Tipo de ítem Koha Nota pública Estado de pérdida Fuente del sistema de clasificación o colocación Restricciones de uso No para préstamo Colección Programa académico Biblioteca de origen Biblioteca actual Ubicación en estantería Fecha de adquisición Fuente de adquisición Coste, precio normal de compra
2025-12-02 7 28 286.7325 CN 74406 2019-08-24 e7 24.00 2016-08-11   Libros físicos inventario-2023-12-13 No Perdido Clasificación Decimal Dewey No restringido Disponible para préstamos Colección General Teología Biblioteca CRAI UPeU Lima Biblioteca CRAI UPeU Lima Sala principal 2016-08-11 COMPRA 19.00